Global Militarization Index (Updated 2024) - Statistics

General Stats
  • This quiz has been taken 108 times
    35 since last reset
  • The average score is 15 of 31
Answer Stats
Answer % Correct
Israel
93%
United States
87%
Russia
83%
Iran
77%
Ukraine
70%
Saudi Arabia
67%
Lebanon
63%
South Korea
63%
Kuwait
60%
Oman
60%
Bahrain
57%
Jordan
57%
Qatar
53%
Algeria
50%
Belarus
50%
Greece
50%
Finland
47%
Estonia
43%
Armenia
40%
Azerbaijan
40%
Morocco
40%
Serbia
40%
Singapore
40%
Lithuania
37%
Cambodia
27%
Cyprus
27%
Chad
20%
Brunei
13%
Mongolia
7%
Togo
3%
Botswana
0%
No matching quizzes found
Score Distribution
Percent of People with Each Score
Percentile by Number Answered
Your Score History
You have not taken this quiz since the last reset